| 000 | 01148camaa2200385Mu 4500 | ||
|---|---|---|---|
| 001 | 90204 | ||
| 005 | 20230410132921.0 | ||
| 008 | 980908c19779999sp 000 0 spa d | ||
| 035 | _a(OCoLC)ocn494563723 | ||
| 040 |
_aZWZ _encafnor _bfre _cZWZ |
||
| 020 | _a842493525X | ||
| 020 | _a9788424935252 | ||
| 029 | 0 |
_aZWZ _b134435109 |
|
| 035 | _a(OCoLC)494563723 | ||
| 041 | 1 |
_aspa _hgre |
|
| 050 | 1 | 4 |
_aB 171 _bB582 1977 |
| 049 | _aGRAL | ||
| 100 | 0 |
_aHerodoto, _d484-420 a.C. |
|
| 130 | 1 | _aBiblioteca Clásica Gredos. | |
| 245 | 1 | 0 |
_aHistoria : _bLibros III-IV / _cHerodoto ; traducción y notas de Carlos Schrader. |
| 260 |
_aMadrid : _bGredos, _c1977. |
||
| 300 |
_a1 vol. (502 p.) : _bcartes. ; _c20 cm. |
||
| 440 | 0 |
_aBiblioteca clásica Gredos ; _vn.21 |
|
| 504 | _aNotes bibliogr. Index. | ||
| 505 | 0 | _aLibro tercero, Talía -- Libro cuarto, Melpomene | |
| 650 | 0 | _aPhilosophy, Classical. | |
| 650 | 0 | _aPhilosophy, Ancient. | |
| 700 | 1 | _aSchrader, Carlos. | |
| 740 | 0 | 2 | _aLibro tercero, Talía. |
| 740 | 0 | 2 | _aLibro cuarto, Melpomene. |
| 774 | 0 | _tTalía | |
| 774 | 0 | _tMelpomene | |
| 942 |
_2lcc _cbk |
||
| 994 |
_aC0 _bDRFGD |
||
| 999 |
_c90154 _d90154 |
||